Dork Diaries pop star : (Record no. 7386)

MARC details
000 -LEADER
fixed length control field 01124nam a22003137a 4500
001 - CONTROL NUMBER
control field 7386
003 - CONTROL NUMBER IDENTIFIER
control field FISKH
005 - DATE AND TIME OF LATEST TRANSACTION
control field 20250711135313.0
008 - FIXED-LENGTH DATA ELEMENTS--GENERAL INFORMATION
fixed length control field 250711b cb ||||| |||| 00| 0 eng d
020 ## - INTERNATIONAL STANDARD BOOK NUMBER
International Standard Book Number 9781471144035
040 ## - CATALOGING SOURCE
Original cataloging agency FISKH
Language of cataloging eng
Transcribing agency FISKH
Modifying agency FISKH
050 ## - LIBRARY OF CONGRESS CALL NUMBER
Classification number PZ7.R915935 T
082 ## - DEWEY DECIMAL CLASSIFICATION NUMBER
Classification number 813.6
100 ## - MAIN ENTRY--PERSONAL NAME
Personal name Russell, Rachel Renee
245 ## - TITLE STATEMENT
Title Dork Diaries pop star :
Remainder of title Tales from a not-so-fabulous life /
Statement of responsibility, etc. By Rachel Renee Russell
250 ## - EDITION STATEMENT
Edition statement This edition published 2015
260 ## - PUBLICATION, DISTRIBUTION, ETC.
Place of publication, distribution, etc. London :
Name of publisher, distributor, etc. Simon and Schuster ,
Date of publication, distribution, etc. 2011.
300 ## - PHYSICAL DESCRIPTION
Extent 311 pages :
Other physical details illustrations ;
Dimensions 20 cm .
490 ## - SERIES STATEMENT
Series statement Dork Diaries
Volume/sequential designation 3
505 ## - FORMATTED CONTENTS NOTE
Formatted contents note R <br/>
520 ## - SUMMARY, ETC.
Summary, etc. When scholarship student Nikki Maxwell, whose father is the school exterminator, decides to enter the talent show at her expensive private school, her nemesis MacKenzie threatens to reveal Nikki's status to the rest of the school.
521 8# - TARGET AUDIENCE NOTE
Target audience note 770 <br/>
Source Lexile <br/>
521 8# - TARGET AUDIENCE NOTE
Target audience note R <br/>
Source Raz-Plus <br/>
650 ## - SUBJECT ADDED ENTRY--TOPICAL TERM
Topical term or geographic name entry element Middle school
Form subdivision Fiction
650 ## - SUBJECT ADDED ENTRY--TOPICAL TERM
Topical term or geographic name entry element Dork Diaries
Form subdivision Fiction
700 ## - ADDED ENTRY--PERSONAL NAME
Personal name Vega, Lisa
Relator term Designer
942 ## - ADDED ENTRY ELEMENTS (KOHA)
Source of classification or shelving scheme Dewey Decimal Classification
Koha item type Books
Suppress in OPAC No
Holdings
Withdrawn status Lost status Source of classification or shelving scheme Damaged status Not for loan Collection Home library Current library Shelving location Date acquired Total Checkouts Full call number Barcode Date due Date last seen Date last checked out Price effective from Koha item type
    Dewey Decimal Classification     Juvenile Fiction Footprints International School Library Network Toul Tom Poung Campus Footprints International School Library Network Toul Tom Poung Campus TTP Primary Orange Bookshelves 07/11/2025 2 RUS 813.6 PZ7.R915935 T 2025-1827 03/13/2026 02/27/2026 02/27/2026 07/11/2025 Books